Biggest Countries Without an 'A' by Population - Statistics

General Stats
  • This quiz has been taken 235 times
    160 since last reset
  • The average score is 11 of 20
Answer Stats
Population Country % Correct
129 m Mexico
92%
19.6 m Chile
74%
114 m Egypt
74%
34 m Peru
74%
10.6 m Sweden
72%
68 m United Kingdom
72%
86 m Turkey
70%
10.3 m Greece
60%
28 m Niger
59%
119 m Philippines
57%
39 m Morocco
55%
35 m Yemen
50%
11.7 m Belgium
45%
6.2 m Republic of the Congo
42%
9.2 m Togo
38%
14 m Benin
37%
13.6 m Burundi
28%
2.4 m Lesotho
27%
1.7 m Kosovo
23%
10.5 m Czech Republic
20%
No matching quizzes found
Score Distribution
Percent of People with Each Score
Percentile by Number Answered
Your Score History
You have not taken this quiz since the last reset